Spain 2022 FIFA World Cup Squad - Statistics

General Stats
  • This quiz has been taken 4,084 times
    3,757 since last reset
  • The average score is 16 of 27
Answer Stats
# Position Player % Correct
26 MF Pedri
93%
9 MF Gavi
92%
23 GK Unai Simón
84%
7 FW Álvaro Morata
83%
5 MF © Sergio Busquets
83%
11 FW Ferran Torres
74%
20 DF Dani Carvajal
72%
18 DF Jordi Alba
72%
4 DF Pau Torres
71%
16 MF Rodri
68%
24 DF Aymeric Laporte
65%
Manager Luis Enrique
61%
21 FW Dani Olmo
58%
10 FW Marco Asensio
56%
13 GK David Raya
55%
25 FW Ansu Fati
53%
14 DF Alejandro Balde
52%
12 FW Nico Williams
51%
8 MF Koke
47%
1 GK Robert Sánchez
47%
2 DF César Azpilicueta
45%
3 DF Eric García
44%
6 MF Marcos Llorente
40%
19 MF Carlos Soler
32%
22 FW Pablo Sarabia
31%
17 FW Yeremy Pino
20%
15 DF Hugo Guillamón
16%
No matching quizzes found
Score Distribution
Percent of People with Each Score
Percentile by Number Answered
Your Score History
You have not taken this quiz since the last reset